| 000 | 00846nam a2200277Ia 4500 | ||
|---|---|---|---|
| 001 | 16502 | ||
| 003 | GE_BSU | ||
| 008 | 181216s||||||||xx |||||||||||||| ||und|| | ||
| 010 | _a9785769554384 | ||
| 020 | _a4-е изд,перераб | ||
| 040 | _cGE_BSU | ||
| 080 | _a544.77(075.8) | ||
| 100 | _aСумм,Б,Д. | ||
| 245 | _aКоллоидная химия | ||
| 245 | _bУчеб.пособ. для студ,учереждений высш,проф,образования | ||
| 245 | _cРед:В,Г,Буханцов | ||
| 260 | _aМосква | ||
| 260 | _bиздательский центр академия | ||
| 260 | _c2013 | ||
| 300 | _a240стр,20см | ||
| 541 | _h69л | ||
| 653 | _aКоллоидная химия | ||
| 653 | _aკოლოიდური ქიმია | ||
| 653 | _aქიმია | ||
| 942 | _cBK | ||
| 999 |
_c49570 _d49570 |
||